[Event "Xtracon Chess Open 2016"]
[Site "Helsingor DEN"]
[Date "2016.07.24"]
[Round "2.143"]
[White "Lindsjorn, Yngve"]
[Black "Hansen, Ole Foss"]
[Result "0-1"]
[WhiteElo "1582"]
[BlackElo "1871"]
[WhiteFideId "1515985"]
[BlackFideId "1404075"]
[EventDate "2016.07.23"]

1. e4 Nf6 2. d3 e5 3. g3 Bc5 4. Bg2 d6 5. h3 Nc6 6. Nc3 a6 7. a3 Nd4 8. Be3 Ba7
9. Qd2 Bd7 10. Nce2 Qe7 11. Nxd4 exd4 12. Bg5 h6 13. Bxf6 Qxf6 14. Ne2 O-O-O 15.
O-O g5 16. a4 Be6 17. b4 Qe7 18. f4 f6 19. f5 Bf7 20. Rab1 Qe5 21. Bf3 h5 22.
Rf2 Rdg8 23. Bg2 d5 24. exd5 Bxd5 25. Bxd5 Qxd5 26. a5 Re8 27. Rbf1 Re3 28. Rg2
h4 29. g4 Rxh3 30. Rff2 c6 31. Rh2 Rf3 32. Rxf3 Qxf3 33. Rg2 h3 0-1

[Event "Xtracon Chess Open 2016"]
[Site "Helsingor DEN"]
[Date "2016.07.24"]
[Round "2.144"]
[White "Skovgaard, Andreas"]
[Black "Jacobsen, Caroline Beer"]
[Result "1-0"]
[WhiteElo "1868"]
[BlackElo "1544"]
[WhiteFideId "1450760"]
[BlackFideId "1510649"]
[EventDate "2016.07.23"]

1. d4 Nf6 2. Nf3 e6 3. c4 Bb4+ 4. Nbd2 d5 5. a3 Be7 6. g3 b6 7. Ne5 O-O 8. Bg2
Bb7 9. O-O Nbd7 10. Ndf3 c5 11. e3 dxc4 12. Nxc4 cxd4 13. Nxd4 Bxg2 14. Kxg2 Rc8
15. Qe2 Qc7 16. b3 Ne5 17. Nxe5 Qxe5 18. f3 Nd5 19. Re1 Rc3 20. Bd2 Rcc8 21. b4
f5 22. Rac1 Rxc1 23. Rxc1 Rf6 24. Nc6 Qd6 25. e4 fxe4 26. fxe4 Nc7 27. Bf4 Qd7
28. Nxe7+ Qxe7 29. Rxc7 1-0

[Event "Xtracon Chess Open 2016"]
[Site "Helsingor DEN"]
[Date "2016.07.24"]
[Round "2.145"]
[White "Nilssen, Steinar"]
[Black "Dittrich, Tom"]
[Result "1/2-1/2"]
[WhiteElo "1575"]
[BlackElo "1864"]
[WhiteFideId "1525620"]
[BlackFideId "12923532"]
[EventDate "2016.07.23"]

1. g3 g6 2. Nf3 Bg7 3. Bg2 Nf6 4. O-O O-O 5. d3 d5 6. Re1 Nc6 7. c3 e5 8. Bg5 h6
9. Bxf6 Qxf6 10. e4 dxe4 11. dxe4 Be6 12. Nbd2 Rad8 13. Qe2 Bg4 14. Rad1 Qe7 15.
h3 Bc8 16. b4 f5 17. Nh2 f4 18. g4 Kh8 19. Nb3 b6 20. a4 a5 21. bxa5 Be6 22.
Rxd8 Rxd8 23. Rb1 Bxb3 24. Rxb3 Nxa5 25. Rb5 Qa3 26. Qc2 Nc4 27. Nf3 Qa1+ 28.
Rb1 Qa3 29. Bf1 Qc5 30. Rb5 Qc6 31. Bxc4 Qxc4 32. Nxe5 Bxe5 33. Rxe5 f3 34. Qc1
g5 35. Rd5 Rxd5 36. exd5 Qxd5 37. Qe3 Qd1+ 38. Kh2 Qd6+ 39. Kg1 Qd1+ 40. Kh2
Qd6+ 41. Kg1 Qd1+ 42. Kh2 1/2-1/2

[Event "Xtracon Chess Open 2016"]
[Site "Helsingor DEN"]
[Date "2016.07.24"]
[Round "2.146"]
[White "Ingebretsen, Jens E"]
[Black "Morling, Aase"]
[Result "1-0"]
[WhiteElo "1862"]
[BlackElo "1539"]
[WhiteFideId "1522965"]
[BlackFideId "1440993"]
[EventDate "2016.07.23"]

1. e4 e5 2. f4 d5 3. exd5 c6 4. dxc6 Nxc6 5. Nf3 exf4 6. d4 Bd6 7. d5 Nce7 8.
Nc3 Nf6 9. Bb5+ Bd7 10. Bxd7+ Qxd7 11. O-O O-O 12. Kh1 Ng6 13. Nd4 a6 14. Nde2
Qf5 15. Ng3 Qg4 16. Nge4 Qxd1 17. Rxd1 Nxe4 18. Nxe4 Rad8 19. c4 b6 20. b3 a5
21. Nxd6 Rxd6 22. Rd4 Rf6 23. d6 Rd8 24. Ba3 Rd7 25. Re1 Re6 26. Rde4 Rxe4 27.
Rxe4 f5 28. Re8+ Kf7 29. Rb8 Ke6 30. Rxb6 Ne7 31. dxe7+ Kf7 32. h3 Rd2 33. Rb8
Rd1+ 34. Kh2 Re1 35. Rf8+ 1-0

[Event "Xtracon Chess Open 2016"]
[Site "Helsingor DEN"]
[Date "2016.07.24"]
[Round "2.147"]
[White "Glaschak, Joachim"]
[Black "Kyrkjebo, Marte B."]
[Result "0-1"]
[WhiteElo "1570"]
[BlackElo "1860"]
[WhiteFideId "12944459"]
[BlackFideId "1511602"]
[EventDate "2016.07.23"]

1. d4 d5 2. c4 c6 3. e3 Nf6 4. Nd2 g6 5. g3 Bg7 6. Bg2 O-O 7. Ngf3 Bg4 8. Qb3
Qb6 9. c5 Qxb3 10. axb3 Nbd7 11. O-O Rfe8 12. b4 a6 13. h3 Bxf3 14. Nxf3 Ne4 15.
Nd2 Nxd2 16. Bxd2 e5 17. Bc3 Rad8 18. f4 exf4 19. exf4 f5 20. h4 Nf6 21. Bf3 Ne4
22. Kg2 Re7 23. Rad1 Rde8 24. Be1 Bf6 25. Bf2 Nxf2 26. Kxf2 Re3 27. Rd2 Rb3 28.
b5 Rxb5 29. Be2 Rb4 30. Rfd1 Re4 31. Kf3 Bxd4 32. Bd3 Re3+ 33. Kg2 Rxb2 34. Rxb2
Bxb2 35. Rb1 Rxd3 36. Rxb2 Rc3 37. Rxb7 Rxc5 38. Kf3 a5 39. Ke3 Rc4 40. Kd3 a4
41. Ra7 0-1

[Event "Xtracon Chess Open 2016"]
[Site "Helsingor DEN"]
[Date "2016.07.24"]
[Round "2.148"]
[White "Sajjadi, Kimiya"]
[Black "Tryggestad, Linnea Garberg"]
[Result "1-0"]
[WhiteElo "1860"]
[BlackElo "1525"]
[WhiteFideId "1516434"]
[BlackFideId "1518623"]
[EventDate "2016.07.23"]

1. d4 Nf6 2. Bg5 Ne4 3. Bf4 d5 4. e3 c5 5. Nf3 Bg4 6. dxc5 Nc6 7. c3 e5 8. Bg3
Nxg3 9. fxg3 e4 10. h3 exf3 11. hxg4 Bxc5 12. gxf3 Bxe3 13. Qc2 Qd6 14. Rh3 h6
15. Nd2 Ne5 16. Bb5+ Kf8 17. Be2 Re8 18. Kf1 Qc5 19. Nb3 Qb6 20. Rd1 Nc4 21.
Bxc4 dxc4 22. Nd2 Qf6 23. Kg2 b5 24. Ne4 Qb6 25. Rh5 g5 26. Rd6 Qc7 27. Qd1 Bc5
28. Rd7 Qc6 29. Nxg5 Re7 30. Rd8+ Kg7 31. Rxh8 Kxh8 32. Ne4 Rd7 33. Qc1 Bf8 34.
Qf4 Bg7 35. Ng5 Qb7 36. Qf5 Rd2+ 37. Kh3 Kg8 38. Ne4 Rxb2 39. g5 Qb6 40. gxh6
Bh8 41. Ng5 Qc7 42. h7+ Kg7 43. Ne6+ 1-0

[Event "Xtracon Chess Open 2016"]
[Site "Helsingor DEN"]
[Date "2016.07.24"]
[Round "2.149"]
[White "Lavrsen, Frands Winther"]
[Black "Shehzad, Alisha"]
[Result "1-0"]
[WhiteElo "1851"]
[BlackElo "1514"]
[WhiteFideId "1411152"]
[BlackFideId "1521926"]
[EventDate "2016.07.23"]

1. Nf3 c5 2. g3 d6 3. Bg2 Nf6 4. O-O g6 5. d4 cxd4 6. Nxd4 Bg7 7. c4 O-O 8. Qb3
Qd7 9. Rd1 Nc6 10. Nb5 a6 11. N5a3 Qc7 12. Be3 Bf5 13. Nc3 Rab8 14. Bb6 Qc8 15.
Rac1 Be6 16. Nd5 Kh8 17. e4 Nd7 18. Be3 Nc5 19. Qc2 f5 20. b4 Nd7 21. b5 Bxd5
22. exd5 Nce5 23. Bd4 Kg8 24. Qc3 Bf6 25. Re1 Qd8 26. h3 Rc8 27. Qe3 Re8 28.
bxa6 bxa6 29. c5 Nf7 30. c6 Bxd4 31. Qxd4 Nf6 32. Nc4 Rc7 33. Rb1 Qa8 34. Rb6
Qa7 35. Reb1 Nd8 36. Nxd6 exd6 37. Qxf6 Rce7 38. Kh2 Re1 39. Rxe1 Rxe1 40. Qxd8+
Kg7 41. Rb7+ Qxb7 42. cxb7 Rb1 43. b8=Q Rxb8 44. Qxb8 a5 45. Qxd6 Kf7 46. Qe6+
Kg7 47. d6 a4 48. d7 a3 49. d8=Q 1-0

[Event "Xtracon Chess Open 2016"]
[Site "Helsingor DEN"]
[Date "2016.07.24"]
[Round "2.150"]
[White "Maselli, David"]
[Black "Svensson, Erik"]
[Result "0-1"]
[WhiteElo "1567"]
[BlackElo "1848"]
[WhiteFideId "2814159"]
[BlackFideId "1710575"]
[EventDate "2016.07.23"]

1. g3 d5 2. Bg2 Nf6 3. d3 c6 4. Nf3 h6 5. O-O Bf5 6. Nbd2 Nbd7 7. c4 e6 8. b3
Bd6 9. Bb2 O-O 10. Nd4 Bg6 11. Nc2 Qe7 12. f4 Rac8 13. e4 dxe4 14. Nxe4 Bxe4 15.
dxe4 Bc5+ 16. Kh1 e5 17. fxe5 Nxe5 18. Bxe5 Qxe5 19. b4 Rcd8 20. Qe2 Bb6 21. c5
Bc7 22. Rab1 Rfe8 23. Rf5 Qxf5 24. exf5 Rxe2 0-1

[Event "Xtracon Chess Open 2016"]
[Site "Helsingor DEN"]
[Date "2016.07.24"]
[Round "2.152"]
[White "Madison, Sigurd"]
[Black "Ronnestad, Liam Jansson"]
[Result "0-1"]
[WhiteElo "1846"]
[BlackElo "1502"]
[WhiteFideId "1711806"]
[BlackFideId "1523384"]
[EventDate "2016.07.23"]

1. e4 c5 2. Nc3 g6 3. Nf3 Bg7 4. g3 Nc6 5. Bg2 Nf6 6. d3 O-O 7. O-O d5 8. Ng5 h6
9. exd5 Nb4 10. Nge4 Nfxd5 11. Nxd5 Nxd5 12. Nxc5 b6 13. Nb3 Rb8 14. c4 Nb4 15.
d4 Be6 16. a3 Bxc4 17. axb4 Bxf1 18. Bxf1 Rb7 19. Bb5 Qd5 20. Qd3 Rd8 21. Be3 e5
22. Re1 Rc7 23. f4 e4 24. Qe2 Qxb3 25. Rd1 Rc2 26. Rd2 Rdc8 27. f5 Rxd2 28. Qxd2
Rc2 29. Qe1 Qxb2 30. fxg6 fxg6 31. Bd7 Bxd4 32. Be6+ Kh7 33. Bh3 Re2 34. Qxe2
Qxe2 0-1

[Event "Xtracon Chess Open 2016"]
[Site "Helsingor DEN"]
[Date "2016.07.24"]
[Round "2.153"]
[White "Yilmaz, Kazim"]
[Black "Moller, Arne"]
[Result "1/2-1/2"]
[WhiteElo "1542"]
[BlackElo "1843"]
[WhiteFideId "1514326"]
[BlackFideId "1406175"]
[EventDate "2016.07.23"]

1. e4 c5 2. Nc3 d6 3. Nf3 Nf6 4. Bc4 e6 5. O-O Be7 6. d3 O-O 7. Bg5 a6 8. a4 Nc6
9. Re1 Qc7 10. Qe2 Nd4 11. Nxd4 cxd4 12. Nd1 e5 13. c3 dxc3 14. Nxc3 Be6 15. b3
h6 16. Bxf6 Bxf6 17. Nd5 Bxd5 18. Bxd5 Rac8 19. b4 b6 20. b5 a5 21. Bc6 Qd8 22.
Qg4 Bg5 23. g3 Bd2 24. Re2 Bb4 25. Rf1 Rc7 26. f4 Bc5+ 27. Kh1 f6 28. f5 Qe7 1/2-1/2

[Event "Xtracon Chess Open 2016"]
[Site "Helsingor DEN"]
[Date "2016.07.24"]
[Round "2.154"]
[White "Hansen, Tommy"]
[Black "Jensen, Jonbert M. S."]
[Result "1-0"]
[WhiteElo "1835"]
[BlackElo "1492"]
[WhiteFideId "1511009"]
[BlackFideId "1435914"]
[EventDate "2016.07.23"]

1. e4 e5 2. Nf3 d6 3. d4 exd4 4. Nxd4 Nf6 5. Nc3 Be7 6. Bc4 O-O 7. O-O c6 8. Bb3
Na6 9. h3 Nc5 10. Qe2 Nxb3 11. axb3 Re8 12. Be3 Bf8 13. f3 a6 14. Qf2 d5 15.
Rad1 Qe7 16. Bg5 h6 17. Bxf6 Qxf6 18. exd5 cxd5 19. Nxd5 Qd6 20. c4 Be6 21. Nxe6
fxe6 22. Nf6+ gxf6 23. Rxd6 Bxd6 24. Qb6 Bb8 25. Kh1 Re7 26. Qd8+ Kf7 27. Rd1 b5
28. Qh8 Re8 29. Rd7+ Re7 30. Qh7+ 1-0

[Event "Xtracon Chess Open 2016"]
[Site "Helsingor DEN"]
[Date "2016.07.24"]
[Round "2.155"]
[White "Kvaloy, Aksel Bu"]
[Black "Rasmussen, Henrik"]
[Result "0-1"]
[WhiteElo "1533"]
[BlackElo "1833"]
[WhiteFideId "1528815"]
[BlackFideId "1437011"]
[EventDate "2016.07.23"]

1. d4 Nf6 2. Nf3 g6 3. c4 Bg7 4. g3 b6 5. Bg2 Bb7 6. Nbd2 d5 7. O-O O-O 8. Ne5
Qc8 9. cxd5 Bxd5 10. e4 Bb7 11. f4 e6 12. b3 c5 13. Ndc4 Rd8 14. Kh1 Rxd4 15.
Qc2 Nc6 16. Bb2 Rd8 17. f5 Nb4 18. Qe2 exf5 19. exf5 Bxg2+ 20. Qxg2 g5 21. Rae1
b5 22. Ne3 Nd3 23. Nxd3 Rxd3 24. Bxf6 Bxf6 25. Nd5 Kg7 26. Qe4 Rd4 27. Qf3 Qc6
28. Nxf6 Qxf3+ 29. Rxf3 Kxf6 30. Rc1 Rc8 31. h3 Rd2 32. a4 bxa4 33. bxa4 Ra2 34.
Rc4 Re8 35. Kg1 Re5 36. g4 Ke7 37. Rcc3 Kd6 38. Rfd3+ Kc6 39. Re3 Rd5 40. Rc1
Rxa4 41. Re7 c4 42. Rxf7 Rd7 43. Rxd7 Kxd7 44. Kg2 Ke7 45. Kf2 a5 46. Ke2 Kf6
47. Kf3 Rb4 48. Ke4 a4 49. Rc3 Rb3 50. Rxc4 a3 51. Rc6+ Kf7 52. Rc7+ Kf6 53.
Rxh7 Rb4+ 54. Kf3 Ra4 55. Rd7 a2 56. Rd1 a1=Q 57. Rxa1 Rxa1 58. Kg3 Ra3+ 59. Kg2
Re3 60. Kh2 Ke5 61. Kg2 Kf4 62. f6 Re6 63. h4 gxh4 64. Kh3 Rxf6 65. g5 Kxg5 66.
Kg2 Kg4 67. Kh2 h3 68. Kh1 Kg3 69. Kg1 Rf5 70. Kh1 Rf1# 0-1

[Event "Xtracon Chess Open 2016"]
[Site "Helsingor DEN"]
[Date "2016.07.24"]
[Round "2.156"]
[White "Frederiksen Kristian, Pade"]
[Black "Linjord, David Jess"]
[Result "1-0"]
[WhiteElo "1832"]
[BlackElo "1488"]
[WhiteFideId "1435205"]
[BlackFideId "1527690"]
[EventDate "2016.07.23"]

1. d4 Nf6 2. c4 e6 3. Nf3 Bb4+ 4. Nbd2 b6 5. a3 Be7 6. e4 Bb7 7. e5 Ne4 8. Bd3
Nxd2 9. Bxd2 d6 10. Bc3 dxe5 11. Nxe5 Bf6 12. O-O Nc6 13. Be4 Bxe5 14. dxe5 Qxd1
15. Raxd1 a5 16. b4 axb4 17. axb4 Rb8 18. f4 Ne7 19. Bc2 Nf5 20. Ba4+ b5 21.
cxb5 Ne3 22. b6+ c6 23. Rd6 Nxf1 24. Kxf1 Rc8 25. Bd4 O-O 26. Rd7 Rb8 27. Bc5
Rfd8 28. Rxb7 Rxb7 29. Bxc6 Rdb8 30. Bxb7 Rxb7 31. Ke2 f5 32. Kd3 Kf7 33. Kc4
Ke8 34. Kb5 Kd7 35. Bd6 g6 36. h4 h6 37. g3 h5 38. Bc7 Kc8 39. Kc6 g5 40. hxg5
h4 41. g6 h3 42. g7 Rxc7+ 43. bxc7 h2 44. g8=R# 1-0

[Event "Xtracon Chess Open 2016"]
[Site "Helsingor DEN"]
[Date "2016.07.24"]
[Round "2.157"]
[White "Gaure, Sigurd Lauvas"]
[Black "Nordin, Eric"]
[Result "0-1"]
[WhiteElo "1514"]
[BlackElo "1832"]
[WhiteFideId "1524933"]
[BlackFideId "1711822"]
[EventDate "2016.07.23"]

1. e4 d6 2. d4 Nf6 3. Nc3 g6 4. Be3 a6 5. f4 b5 6. a3 Bg7 7. e5 dxe5 8. fxe5 Nd5
9. Nxd5 Qxd5 10. Qf3 Bb7 11. c4 bxc4 12. Bxc4 Qa5+ 13. Bd2 Bxf3 14. Bxa5 Bxg2
15. Bxc7 Bxh1 16. d5 Nd7 17. e6 fxe6 18. dxe6 Ne5 19. Be2 O-O 20. Rd1 Nf3+ 21.
Nxf3 Bxf3 22. Rd7 Bxe2 23. Kxe2 Bxb2 0-1

[Event "Xtracon Chess Open 2016"]
[Site "Helsingor DEN"]
[Date "2016.07.24"]
[Round "2.158"]
[White "Hansen, Henrik Damgaard"]
[Black "Wanvik, Tim"]
[Result "1/2-1/2"]
[WhiteElo "1831"]
[BlackElo "1479"]
[WhiteFideId "1409735"]
[BlackFideId "1521683"]
[EventDate "2016.07.23"]

1. e4 e5 2. Nf3 Nc6 3. d4 exd4 4. Nxd4 Bc5 5. Be3 Qf6 6. c3 Nge7 7. Bc4 O-O 8.
O-O b6 9. Nxc6 Qxc6 10. Bxc5 Qxc5 11. Nd2 Bb7 12. b4 Qe5 13. Qc2 d5 14. Bd3 Ng6
15. Nf3 Qd6 16. Rad1 dxe4 17. Bxe4 Bxe4 18. Qxe4 Qf6 19. Qc4 Rac8 20. Rd7 Ne5
21. Nxe5 Qxe5 22. Rfd1 h6 23. g3 c5 24. Rxa7 cxb4 25. Qd4 Qb8 26. Rd7 bxc3 1/2-1/2

[Event "Xtracon Chess Open 2016"]
[Site "Helsingor DEN"]
[Date "2016.07.24"]
[Round "2.159"]
[White "Skjolingstad, Sverre"]
[Black "Andersen, Dag"]
[Result "0-1"]
[WhiteElo "1509"]
[BlackElo "1830"]
[WhiteFideId "1519913"]
[BlackFideId "1504568"]
[EventDate "2016.07.23"]

1. e4 e5 2. Nf3 Nc6 3. Bb5 a6 4. Ba4 Nf6 5. Qe2 b5 6. Bb3 Be7 7. O-O O-O 8. c3
d6 9. Re1 Na5 10. Bc2 c5 11. d3 Qc7 12. Nbd2 h6 13. Nf1 Be6 14. h3 Nc6 15. g4
Nh7 16. Ne3 Ng5 17. Kh2 Nxf3+ 18. Qxf3 Bg5 19. Rg1 Ne7 20. Nf5 Ng6 21. Be3 Rfd8
22. d4 cxd4 23. Bxg5 hxg5 24. Bb3 dxc3 25. Rac1 Bxb3 26. axb3 c2 27. Qc3 Qb7 28.
Qxc2 Nf4 29. Rgd1 Qb6 30. Kg3 g6 31. Qc6 Qa5 32. Ra1 Qb4 33. Ra3 gxf5 34. exf5
Ne2+ 35. Kg2 Nd4 0-1

[Event "Xtracon Chess Open 2016"]
[Site "Helsingor DEN"]
[Date "2016.07.24"]
[Round "2.160"]
[White "Wadtland, Flemming"]
[Black "Fridthjofsdottir, Sigurl. Regina"]
[Result "0-1"]
[WhiteElo "1504"]
[BlackElo "1815"]
[WhiteFideId "1418297"]
[BlackFideId "2300788"]
[EventDate "2016.07.23"]

1. Nf3 e6 2. c4 d5 3. d4 Nf6 4. g3 Be7 5. cxd5 exd5 6. Bg2 O-O 7. O-O c6 8. Re1
Nbd7 9. b3 Ne4 10. Qc2 Ndf6 11. h3 h6 12. Ba3 Bxa3 13. Nxa3 Bf5 14. Qc1 Rc8 15.
g4 Be6 16. Qe3 Bxg4 17. hxg4 Nxg4 18. Qf4 Ngxf2 19. Rf1 g5 20. Nxg5 hxg5 21. Qf5
Ng3 22. Qxf2 Nxf1 23. Rxf1 f5 24. Qf3 Rc7 25. Nc2 Rcf7 26. Ne3 Qf6 27. Nc2 Qg7
28. Qg3 Re7 29. Qd3 f4 30. e3 fxe3 31. Rxf8+ Qxf8 32. Nxe3 Qf6 33. Qd2 Qf4 34.
Nf1 Qxd2 35. Nxd2 Re2 36. Nf3 Rxa2 37. Nxg5 Rb2 38. Ne6 Rxb3 39. Nc7 a5 40. Nxd5
Rb1+ 0-1

[Event "Xtracon Chess Open 2016"]
[Site "Helsingor DEN"]
[Date "2016.07.24"]
[Round "2.161"]
[White "Cithu, Arun Vijay"]
[Black "Robertsen, Bjorn"]
[Result "0-1"]
[WhiteElo "1501"]
[BlackElo "1815"]
[WhiteFideId "1528750"]
[BlackFideId "1521632"]
[EventDate "2016.07.23"]

1. e4 c5 2. Nf3 d6 3. d4 cxd4 4. Nxd4 Nf6 5. Nc3 g6 6. Be3 Bg7 7. f3 O-O 8. Qd2
Nc6 9. O-O-O Nxd4 10. Bxd4 Be6 11. Kb1 Qc7 12. g4 Rfc8 13. g5 Nh5 14. Bxg7 Nxg7
15. h4 Qa5 16. Nd5 Qxd2 17. Rxd2 Kf8 18. Bh3 Ke8 19. Nf4 Kd7 20. h5 Bxh3 21.
Rxh3 e5 22. h6 Ne6 23. Nxe6 fxe6 24. Rh1 Rc6 25. Rhd1 Rf8 26. Rd3 Rf4 27. c4 b6
28. b3 Ke7 29. Kb2 Rh4 30. Kb1 Rh3 31. Rg1 Rc8 32. Rgd1 Rd8 33. Rg1 Kd7 34. Ka1
Kc6 35. a3 Kc5 36. Kb1 Rh2 37. Rc3 Rf2 38. Rd3 a5 39. Rg3 Rf8 40. Rh3 a4 41.
bxa4 Rg2 42. Rb3 Ra8 43. Rb5+ Kc6 44. Rb4 Rxg5 45. Rh2 Rg3 46. Rhb2 Ra6 47. Rf2
Rh3 48. f4 exf4 49. Rxf4 Rxh6 50. Rf6 Rh1+ 51. Kb2 e5 52. Rf8 h5 53. Rc8+ Kd7
54. Rg8 Rg1 55. Rb8 Kc7 56. Rh8 Rg4 57. Rh7+ Kc6 58. Rh6 h4 59. Rb3 Ra8 60. Re3
g5 61. Rd3 Rd8 62. Re3 Kc5 63. Kc3 Rg3 64. Rxg3 hxg3 65. Rh3 Ra8 66. Kb3 Kd4 67.
Rxg3 Rg8 68. Kb4 Kxe4 69. Kb5 Kf4 70. Rg1 Rb8 71. Kc6 g4 72. Kxd6 g3 73. Rf1+
Ke4 74. Rg1 Kf3 75. Kxe5 Ra8 76. Kd5 Rxa4 77. Kc6 Rxc4+ 78. Kxb6 Ra4 79. Rxg3+
Kxg3 80. Kc5 Rxa3 81. Kd4 Kf4 82. Kd5 Ra4 83. Kc5 Ke5 84. Kb5 Rd4 85. Kc5 Rd3
86. Kc4 Re3 87. Kc5 Rc3+ 88. Kb4 Kd4 89. Kb5 Kd5 90. Kb4 Rd3 91. Kb5 Rb3+ 92.
Ka4 Kc4 93. Ka5 Kc5 94. Ka6 0-1

[Event "Xtracon Chess Open 2016"]
[Site "Helsingor DEN"]
[Date "2016.07.24"]
[Round "2.162"]
[White "Densing, Gerd"]
[Black "Narheim, Mats"]
[Result "1/2-1/2"]
[WhiteElo "1814"]
[BlackElo "1467"]
[WhiteFideId "24621013"]
[BlackFideId "1518607"]
[EventDate "2016.07.23"]

1. d4 Nf6 2. Nf3 e6 3. e3 c5 4. Bd3 Nc6 5. b3 b6 6. Bb2 Bb7 7. O-O Qc7 8. Nbd2
O-O-O 9. a3 cxd4 10. exd4 h5 11. Qe2 Bd6 12. h3 Rhg8 13. Ne5 Rdf8 14. Rfe1 g5
15. Ba6 g4 16. h4 Nd5 17. Bxb7+ Kxb7 18. g3 f5 19. c4 Nde7 20. c5 bxc5 21. Qb5+
Kc8 22. dxc5 Bxe5 23. Bxe5 Nxe5 24. Rad1 Nd5 25. Rxe5 Qxe5 26. Nc4 Qc7 27. Nd6+
Kd8 28. Rd3 f4 29. Qc4 fxg3 30. fxg3 Rg6 31. b4 Rgf6 32. Rd2 Ne3 33. Qd4 Rf1+
34. Kh2 Qc6 35. Ne4 R8f2+ 36. Rxf2 Rxf2+ 37. Kg1 Rg2+ 38. Kh1 Rxg3 39. Qh8+ Kc7
40. Qe5+ Kb7 41. b5 Qd5 42. Qxd5+ 1/2-1/2

[Event "Xtracon Chess Open 2016"]
[Site "Helsingor DEN"]
[Date "2016.07.24"]
[Round "2.163"]
[White "Sidali, Elias Hulleberg"]
[Black "Rose, Dennis Lauge"]
[Result "0-1"]
[WhiteElo "1491"]
[BlackElo "1814"]
[WhiteFideId "1530518"]
[BlackFideId "1417916"]
[EventDate "2016.07.23"]

1. e4 c5 2. Nf3 Nc6 3. Bb5 d6 4. Bxc6+ bxc6 5. d3 Bg4 6. Be3 e6 7. Nbd2 d5 8. h3
Bh5 9. O-O Nf6 10. c3 Be7 11. Qc2 O-O 12. Nb3 Nd7 13. Nbd2 Qc7 14. Ne1 Be2 15.
f4 Bxf1 16. Nxf1 e5 17. f5 d4 18. Bd2 g6 19. Qd1 gxf5 20. exf5 Nf6 21. g4 Kh8
22. Bh6 Rg8 23. Kh1 Qd6 24. Nf3 Nxg4 25. hxg4 Qxh6+ 26. N1h2 Bd6 27. Rc1 Rxg4
28. Nxd4 exd4 0-1

[Event "Xtracon Chess Open 2016"]
[Site "Helsingor DEN"]
[Date "2016.07.24"]
[Round "2.164"]
[White "Rasmussen, Morten1"]
[Black "Edwardsson, Hannu Kalervo"]
[Result "1-0"]
[WhiteElo "1808"]
[BlackElo "1451"]
[WhiteFideId "1410865"]
[BlackFideId "1708937"]
[EventDate "2016.07.23"]

1. d4 d5 2. Nf3 Nf6 3. e3 e6 4. Bd3 Be7 5. Nbd2 O-O 6. O-O c5 7. c3 c4 8. Bc2 h6
9. Qe2 Nc6 10. e4 dxe4 11. Nxe4 b5 12. Nxf6+ Bxf6 13. Qe4 g6 14. Qxc6 Bd7 15.
Qe4 Bg7 16. Bf4 Rc8 17. h3 Bc6 18. Qe2 a6 19. Be4 Bd7 20. Bb7 f6 21. Bxc8 Qxc8
22. Nd2 Re8 23. Ne4 e5 24. dxe5 fxe5 25. Be3 1-0

[Event "Xtracon Chess Open 2016"]
[Site "Helsingor DEN"]
[Date "2016.07.24"]
[Round "2.165"]
[White "Amarapala, Anton"]
[Black "Weber, Andreas"]
[Result "0-1"]
[WhiteElo "1487"]
[BlackElo "1808"]
[WhiteFideId "1517406"]
[BlackFideId "24652504"]
[EventDate "2016.07.23"]

1. d4 d5 2. Nf3 Nf6 3. Bf4 c5 4. e3 Nc6 5. c3 Qb6 6. Qc2 Bf5 7. Qc1 cxd4 8. exd4
e6 9. Nbd2 Rc8 10. a3 Be7 11. Be2 O-O 12. Nh4 Nxd4 13. Nxf5 exf5 14. Bd3 Ne6 15.
Be5 Ng4 16. Bg3 f4 17. f3 fxg3 18. fxg4 Qf2+ 19. Kd1 Qxg2 20. Kc2 gxh2 21. Kb1
Bd6 22. Qd1 Ng5 23. Ka2 Bf4 24. Nb3 Rxc3 25. Qe2 Qxe2 26. Bxe2 Re3 27. Nd4 Be5
28. Rad1 Bxd4 29. Rxh2 Be5 30. Rg2 d4 31. Bd3 Rc8 32. Rdd2 g6 33. Bb5 a6 0-1

[Event "Xtracon Chess Open 2016"]
[Site "Helsingor DEN"]
[Date "2016.07.24"]
[Round "2.166"]
[White "Opasiak, Dustin Tennessee"]
[Black "Larsen, Alex"]
[Result "1/2-1/2"]
[WhiteElo "1807"]
[BlackElo "1442"]
[WhiteFideId "24630217"]
[BlackFideId "1416669"]
[EventDate "2016.07.23"]

1. e4 c5 2. Nf3 Nc6 3. d3 d6 4. g3 Bg4 5. Bg2 g6 6. h3 Bxf3 7. Qxf3 Nd4 8. Qd1
Bg7 9. Nd2 e6 10. Nf3 Nxf3+ 11. Qxf3 e5 12. O-O Qf6 13. Qe2 h5 14. h4 Qe6 15.
Kh2 Nf6 16. Bh3 Ng4+ 17. Kg2 f5 18. f3 Nh6 19. exf5 Nxf5 20. Qe4 Qf7 21. Qa4+
Qd7 22. Qxd7+ Kxd7 23. g4 hxg4 24. fxg4 Nxh4+ 25. Kg3 Kc6 26. Bg5 Bh6 27. Kxh4
Bxg5+ 28. Kxg5 Rxh3 29. Rf2 Rah8 30. Raf1 Rh2 31. a4 Kd5 32. b3 a5 33. Rxh2 Rxh2
34. Kxg6 Rxc2 35. g5 e4 36. dxe4+ Kxe4 37. Kf6 Rg2 38. g6 d5 39. Rf5 c4 40. bxc4
dxc4 41. Rc5 Rf2+ 42. Ke6 Kd4 43. Rg5 Re2+ 44. Kd6 Re8 45. g7 Rg8 1/2-1/2

[Event "Xtracon Chess Open 2016"]
[Site "Helsingor DEN"]
[Date "2016.07.24"]
[Round "2.167"]
[White "Jensen, Hans Askov"]
[Black "Rasmussen, Jonas H"]
[Result "0-1"]
[WhiteElo "1469"]
[BlackElo "1805"]
[WhiteFideId "1419889"]
[BlackFideId "1511637"]
[EventDate "2016.07.23"]

1. e4 e5 2. Nf3 Nc6 3. Bb5 Nf6 4. O-O Nxe4 5. d4 Nd6 6. Bxc6 dxc6 7. Nxe5 Be7 8.
Bf4 O-O 9. Nc3 Nf5 10. d5 cxd5 11. Nxd5 c6 12. Nxe7+ Qxe7 13. Re1 Be6 14. c3
Rfd8 15. Qh5 Rd5 16. Rad1 Rad8 17. b3 h6 18. Rxd5 Rxd5 19. Qe2 Rd8 20. g4 Nd6
21. Ng6 Qf6 22. Bxd6 Qxg6 23. Bg3 Bxg4 24. Qe7 Rd7 25. Qe8+ Kh7 26. Qb8 Bh3 27.
Qf4 Qc2 28. Qh4 Qe2 29. Ra1 Rd1+ 0-1

[Event "Xtracon Chess Open 2016"]
[Site "Helsingor DEN"]
[Date "2016.07.24"]
[Round "2.168"]
[White "Gula, Julian"]
[Black "Janse, Circe"]
[Result "1-0"]
[WhiteElo "1801"]
[BlackElo "1427"]
[WhiteFideId "12954799"]
[BlackFideId "36052183"]
[EventDate "2016.07.23"]

1. d4 d5 2. c4 e5 3. dxe5 d4 4. Nf3 Nc6 5. a3 Bg4 6. Bg5 Be7 7. Bf4 f6 8. exf6
Nxf6 9. Nbd2 O-O 10. h3 Be6 11. Ne5 Nxe5 12. Bxe5 c5 13. Qb3 b6 14. Nf3 Bd6 15.
e3 Bxe5 16. Nxe5 Qd6 17. exd4 Qxd4 18. Nf3 Qe4+ 19. Qe3 Qc6 20. Be2 Bf5 21. O-O
Rfe8 22. Ne5 Qd6 23. f4 Nd7 24. Rad1 Qe6 25. Bf3 Rad8 26. Bd5 1-0